[Event "Barcelona Sant Marti op-A 17th"]
[Site "Barcelona"]
[Date "2015.07.19"]
[Round "7"]
[White "Minguell Soler, Joan"]
[Black "Alfara Ayllon, Jose Luis"]
[Result "1/2-1/2"]
[WhiteElo "1836"]
[BlackElo "1964"]
[PlyCount "142"]
[EventDate "2015.07.13"]
[EventType "swiss"]
[EventRounds "9"]
[EventCountry "ESP"]
[SourceTitle "CBM 167 Extra"]
[Source "ChessBase"]
[SourceDate "2015.09.14"]
[SourceVersion "1"]
[SourceVersionDate "2015.09.14"]
[SourceQuality "1"]

1. d4 d5 2. c4 e6 3. Nc3 Nf6 4. Bg5 Be7 5. cxd5 exd5 6. e3 0-0 7. Bd3 Nbd7 8. Qc2 h6 9. Bh4 a6 10. Nf3 b6 11. 0-0 Bb7 12. Rfd1 Re8 13. Rac1 Rc8 14. Qe2 b5 15. h3 Ne4 16. Bxe7 Qxe7 17. a4 b4 18. Nb1 Qf6 19. Nfd2 c5 20. Bxe4 dxe4 21. Nc4 cxd4 22. Rxd4 Ne5 23. Rcd1 Nxc4 24. Rxc4 Rxc4 25. Qxc4 Qxb2 26. Rd7 Qxb1+ 27. Kh2 Re6 28. Rxb7 Qe1 29. Qc8+ Kh7 30. Rxf7 Rg6 31. Qf5 Qd1 32. h4 Qd6+ 33. g3 Qe6 34. Qxe6 Rxe6 35. Rb7 a5 36. h5 Re5 37. g4 Rc5 38. Kg3 Kg8 39. Kf4 Rc2 40. Kxe4 Rxf2 41. Rb5 Rg2 42. Kf5 Rf2+ 43. Ke4 Rg2 44. Rxa5 Rxg4+ 45. Kd3 Kf7 46. Rb5 b3 47. a5 Ke7 48. a6 Ra4 49. Rb6 Kd7 50. Kc3 Kc7 51. Rg6 Kb8 52. Kxb3 Re4 53. Rxg7 Rxe3+ 54. Kc4 Re5 55. Rb7+ Ka8 56. Rb5 Re6 57. Ra5 Ka7 58. Kd5 Re1 59. Kd6 Re2 60. Re5 Ra2 61. Ke7 Rxa6 62. Re6 Ra1 63. Kf7 Kb7 64. Kg6 Kc7 65. Kxh6 Kd7 66. Rg6 Ke7 67. Kg7 Rf1 68. Kg8 Rf8+ 69. Kh7 Rf7+ 70. Kh6 Kf8 71. Rb6 Kg8 1/2-1/2

[Event "Barcelona Ateneu Colon op 7th"]
[Site "Barcelona"]
[Date "2012.04.25"]
[Round "6"]
[White "Exposito Amaro, Josue"]
[Black "Alfara Ayllon, Jose Luis"]
[Result "1-0"]
[WhiteElo "2303"]
[BlackElo "1997"]
[PlyCount "109"]
[EventDate "2012.03.14"]
[EventType "swiss"]
[EventRounds "9"]
[EventCountry "ESP"]
[SourceTitle "EXT 2013"]
[Source "ChessBase"]
[SourceDate "2012.11.22"]
[SourceVersion "1"]
[SourceVersionDate "2012.11.22"]
[SourceQuality "1"]

1. Nc3 d5 2. e4 d4 3. Nce2 e5 4. Ng3 g6 5. Nf3 Bg7 6. Bc4 Ne7 7. d3 Nbc6 8. a3 Qd6 9. Ng5 0-0 10. Qf3 Qf6 11. Qe2 h6 12. Nh3 Be6 13. Bxe6 Qxe6 14. f4 a5 15. 0-0 exf4 16. Bxf4 Ne5 17. Rae1 Qd7 18. Kh1 Ra6 19. Qf2 c5 20. Ne2 Qg4 21. Neg1 N7c6 22. Bc1 b5 23. Nf4 Ne7 24. Qd2 a4 25. Nf3 g5 26. Ne2 Nxf3 27. gxf3 Qh4 28. f4 gxf4 29. Rxf4 Qh3 30. Ng1 Qh5 31. Nf3 Ng6 32. Rf5 Qh3 33. Qe2 Rf6 34. Ng1 Qh4 35. Nf3 Qh3 36. Ng1 Qh4 37. Rh5 Rf2 38. Rxh4 Rxe2 39. Nxe2 Nxh4 40. Nf4 Kh7 41. Rf1 Be5 42. Ne6 Re8 43. Nxc5 Rc8 44. Nd7 Bg7 45. Rf2 Kg6 46. Bf4 Rd8 47. Nb6 Bf6 48. Bxh6 Be5 49. Bf4 f6 50. Nd5 Kh5 51. Bg3 Rc8 52. Kg1 Kg4 53. Bxh4 Kxh4 54. Kf1 Kh5 55. Ke1 1-0

[Event "Alella op 5th"]
[Site "Alella"]
[Date "2008.08.16"]
[Round "1"]
[White "Alfara Ayllon, Jose Luis"]
[Black "Lopez Agustench, Eduard"]
[Result "0-1"]
[WhiteElo "2059"]
[BlackElo "2272"]
[PlyCount "150"]
[EventDate "2008.08.16"]
[EventType "swiss"]
[EventRounds "9"]
[EventCountry "ESP"]
[SourceTitle "EXT 2009"]
[Source "ChessBase"]
[SourceDate "2008.11.26"]
[SourceVersion "1"]
[SourceVersionDate "2008.11.26"]
[SourceQuality "1"]

1. e4 c5 2. Nf3 e6 3. d4 cxd4 4. Nxd4 a6 5. Bd3 Bc5 6. Nb3 Be7 7. c4 d6 8. 0-0 Nf6 9. Nc3 Qc7 10. Be3 b6 11. Qe2 Bb7 12. f4 Nbd7 13. Rac1 Nc5 14. Nxc5 bxc5 15. a3 Nd7 16. b4 0-0 17. Rf3 g6 18. Rh3 Bf6 19. Qf2 Rfe8 20. g4 Rac8 21. g5 Bg7 22. Qh4 Nf8 23. Qg4 Qd8 24. f5 exf5 25. exf5 Rxe3 26. Rxe3 Bd4 27. Qf4 Qe7 28. Rce1 Re8 29. Nd1 Qe5 30. Qxe5 Rxe5 31. Kf1 Bxe3 32. Nxe3 Nd7 33. Ng4 Rxe1+ 34. Kxe1 Kf8 35. Kd2 Bf3 36. Ne3 Nb6 37. fxg6 hxg6 38. Nf1 Ke7 39. Ke3 Bg2 40. bxc5 dxc5 41. Nd2 Kd6 42. Kf4 Bc6 43. Ne4+ Bxe4 44. Kxe4 Nd7 45. Bf1 Ne5 46. Be2 Nc6 47. Bf1 Ne7 48. Bh3 Ng8 49. Bc8 a5 50. Bb7 Ne7 51. Kf4 Ke6 52. Be4 f5 53. gxf6 Kxf6 54. h4 Nc8 55. Bd3 Nd6 56. Be2 Nf5 57. h5 g5+ 58. Kg4 Nh6+ 59. Kf3 Ke5 60. Ke3 Nf5+ 61. Kf3 Nh6 62. Bd3 Kd4 63. Be2 Kc3 64. Ke4 Kb3 65. Kd5 Kxa3 66. Kxc5 g4 67. Kb5 g3 68. Bf3 a4 69. c5 Kb3 70. c6 Nf5 71. h6 Nd4+ 72. Kb6 Nxf3 73. h7 g2 74. h8Q g1Q+ 75. Kb7 Qg6 0-1